000 00390pab a2200145 454500
008 180718b2015 xxu||||| |||| 00| 0 eng d
100 _aBanerjee-Guha, Swapna
245 _aRemembering Robert Weil: intellectual and political activist
260 _c2015
300 _ap.27-30.
362 _a4 Apr
650 _aWeil, Robert
773 _aEconomic and Political Weekly
909 _a109565
999 _c109560
_d109560